000 02529nam a2200313 a 4500
003 DO-SdBNP
005 20240410073848.0
007 ta
008 210907b2010 dr a|||| |||| 00| 0 spa d
020 _a9789993427155
040 _aDO-SdBNP
_bspa
_cBNPHU
082 4 _a972.93053
_bV422d 2010
_222
100 1 _aVega, Bernardo,
_d1938 -
_93222
245 1 0 _aDesiderio Arias y Trujillo se escriben /
_cBernardo Vega.
250 _a2da. ed.
260 _aSanto Domingo :
_bFundación Cultural Dominicana,
_c2010.
300 _a346 p. :
_bil., retrs. ;
_c23 cm.
500 _aIncluye índice onomástico.
500 _aIncluye datos biográficos del autor en la solapa de la cubierta.
504 _aBibliografía: p. 331-334.
505 0 _tIntroducción --
_tPrincipales personalidades envueltas --
_t¿Quién era Desiderio Arias? --
_tSu papel en el golpe de Estado del 23 de febrero de 1930 --
_tEl 23 de febrero --
_tTrujillo en licencia y Simón Díaz jefe del ejercito --
_tLa candidatura de Trujillo --
_tArias pacta con Trujillo --
_tDesiderio apoya a Trujillo
_tDesiderio negocia con los horacista--
_tSu distanciamiento de Trujillo en los últimos meses de 1930 --
_tEl primer levantamiento de Desiderio --
_tLa reunión entre Trujillo y Desiderio Arias --
_tLa etapa entre el abrazo en Mao y la segunda revuelta de Desiderio --
_tEl segundo levantamiento de Desiderio Arias y su muerte --
_tLas consecuencias de la muerte de Desiderio Arias --
_tLo que le pasó a las principales personalidades --
_tConclusiones --
_gAnexos :
_tI.- Carta de Juan B. Pérez Rancier desde Canadá, a finales de 1931, a los también exiliados Federico Velázquez, Rafael Estrella Ureña y Ángel Morales --
_tII.- Carta de Juan B. Pérez Rancier al presidente F. D. Roosevelt, del 30 de octubre de 1933, desde Santa Cruz de Tenerife --
_tIII.- Correspondencia entre Rafael Trujillo y Simón Díaz, del 26 de agosto del 1923 y 4 de octubre de 1929 --
_tIV.- Cartas de "Piro" Estrella a Trujillo de septiembre y octubre de 1930, después de su recopilación --
_tLlamadas --
_tBibliografía y archivos --
_tÍndice onomástico.
590 _aInventariado, 2021 /LP
600 1 4 _aARIAS, DESIDERIO,
_d1872-1931
_xCORRESPONDENCIA, MEMORIAS, ETC.
_933215
600 1 0 _aTrujillo Molina, Rafael Leónidas,
_d1891-1961
_vCorrespondencias, memorias, etc.
_954950
650 4 _aConflictos políticos
_zRepública Dominicana
_xHistoria
_933216
651 0 _aRepública Dominicana --
_xHistoria --
_y1844-1930
_91009
910 _aLopérez.Validado MFF
942 _2ddc
_cLBS1
999 _c50442
_d50442